[Event "RSA-chB"]
[Site "Cape Town"]
[Date "2019.12.10"]
[Round "4"]
[White "Kleinsmidt, Cherwin"]
[Black "Govender, Shevern"]
[Result "1-0"]
[WhiteElo "1933"]
[BlackElo "1509"]
[PlyCount "117"]
[EventDate "2019.12.07"]
[EventType "swiss"]
[EventRounds "11"]
[EventCountry "RSA"]
[SourceTitle "CBM 193 Extra"]
[Source "ChessBase"]
[SourceDate "2020.01.31"]
[SourceVersion "1"]
[SourceVersionDate "2020.01.31"]
[SourceQuality "1"]

1. e4 c5 2. Nc3 Nc6 3. Bb5 g6 4. Nge2 Bg7 5. Bc4 Na5 6. d3 Nxc4 7. dxc4 d6 8. 0-0 Nf6 9. f4 0-0 10. h3 Be6 11. Qd3 Nd7 12. Ng3 a6 13. a4 Nb8 14. f5 Bc8 15. Nd5 Nc6 16. c3 Ne5 17. Qe2 e6 18. f6 exd5 19. fxg7 Kxg7 20. cxd5 c4 21. Be3 Qh4 22. Qf2 Kg8 23. Qf6 Qxf6 24. Rxf6 Rd8 25. Bb6 Rd7 26. a5 Nd3 27. Rb1 Nc5 28. e5 Kg7 29. Rxd6 Nd3 30. Bd4 Kf8 31. Ne4 Nf4 32. Rxd7 Bxd7 33. Nf6 Bf5 34. Rf1 Ne2+ 35. Kh2 Bd3 36. Rf2 Nxd4 37. cxd4 h5 38. d6 Rd8 39. Rd2 Rc8 40. Nd7+ Ke8 41. Nc5 Rxc5 42. dxc5 Bf5 43. Kg3 Kd7 44. Kf4 Kc6 45. Kg5 Kd7 46. Kf6 Be6 47. Rd1 c3 48. bxc3 Bb3 49. Rb1 Bd5 50. g4 hxg4 51. hxg4 Bf3 52. Rb4 Ke8 53. g5 Bc6 54. Rh4 Bd5 55. c4 Be6 56. Rh8+ Kd7 57. Rf8 Kc6 58. Rxf7 Bxc4 59. Rc7+ 1-0